000 00713nam a22002057a 4500
005 20250127165609.0
010 _aENG-143617
020 _a9789383243099
_c2800.00
035 _aEN-127149
037 _bDBAD
082 _a954.084
100 _aPal, Pratapaditya
_977162
245 _aIn Pursuit of the Past: Collecting Old Art in Modern India circa 1900 - 1950/
_cby Pratapaditya Pal
260 _aMumbai
_bThe Marg Foundation
_c2015
270 _aArmy & Navy Building, 3rd Floor, 148, M.G. Road,
_bMumbai
_e400001
300 _a179p. :
_c31cm(Hb)
_bill.(chiefly col.)
650 _a Sattriya (Dance)
_977163
650 _a Dance
_z India
_zAssam.
_977164
942 _2ddc
_cEN
_mPAL
_h954.084
999 _c208818
_d208818